000 00597nam a2200229Ia 4500
003 OSt
005 20220923230330.0
006 a|||||r|||| 00| 0
007 ta
008 Pun
024 _a279,505
037 _cTextual
040 _aARTS
_cARTS
_bPun
041 _2Pun
_aPun
082 _aO153,1NSA3x, N0
100 _aਸਿੰਘ, ਸਾਧੂ
245 0 _aਦਰਦ ਵਿਛੋੜੇ ਦਾ ਹਾਲ
260 _c1990
650 _aਪੰਜਾਬੀ ਸਾਹਿਤ
942 _hO153,1NSA3x, N0
_cTEXL
_2CC
999 _c384012
_d384012